[Event "DEM U10w 2022"]
[Site "Willingen GER"]
[Date "2022.06.05"]
[Round "2"]
[White "Hladeniuk, Yelyzaveta"]
[Black "Heidtkamp, Anna"]
[Result "1-0"]
[Termination "normal"]
[Board "5"]
[WhiteElo "1019"]
[BlackElo "1163"]
[WhiteClock "01:07:30"]
[BlackClock "00:19:16"]
[PlyCount "141"]
[WhiteFideId "34176128"]
[BlackFideId "16269012"]
[EventCountry "GER"]
[EventRounds "11"]
[EventType "swiss"]
[EventDate "2022.06.04"]

1. d4 {[%clk 01:15:57]} {[%emt 00:00:01]} d5 {[%clk 01:15:54]} {[%emt
00:00:06]} 2. c4 {[%clk 01:16:20]} {[%emt 00:00:08]} e6 {[%clk 01:16:20]}
{[%emt 00:00:05]} 3. Nc3 {[%clk 01:16:43]} {[%emt 00:00:06]} Nf6 {[%clk
01:16:41]} {[%emt 00:00:09]} 4. cxd5 {[%clk 01:17:07]} {[%emt 00:00:06]} exd5
{[%clk 01:17:00]} {[%emt 00:00:12]} 5. Bg5 {[%clk 01:17:29]} {[%emt 00:00:07]}
Be7 {[%clk 01:17:17]} {[%emt 00:00:13]} 6. e3 {[%clk 01:17:52]} {[%emt
00:00:07]} O-O {[%clk 01:17:33]} {[%emt 00:00:13]} 7. Bd3 {[%clk 01:18:16]}
{[%emt 00:00:07]} b6 {[%clk 01:16:04]} {[%emt 00:01:59]} 8. Nf3 {[%clk
01:17:29]} {[%emt 00:01:17]} Bb7 {[%clk 01:16:25]} {[%emt 00:00:10]} 9. O-O
{[%clk 01:17:47]} {[%emt 00:00:11]} Nbd7 {[%clk 01:16:45]} {[%emt 00:00:10]}
10. Qc2 {[%clk 01:17:58]} {[%emt 00:00:19]} h6 {[%clk 01:16:47]} {[%emt
00:00:29]} 11. Bh4 {[%clk 01:18:14]} {[%emt 00:00:14]} Re8 {[%clk 01:14:34]}
{[%emt 00:02:43]} 12. h3 {[%clk 01:16:27]} {[%emt 00:02:16]} Qc8 {[%clk
01:12:19]} {[%emt 00:02:45]} 13. Qb3 {[%clk 01:14:24]} {[%emt 00:02:34]} Qd8
{[%clk 01:11:54]} {[%emt 00:00:54]} 14. Qa4 {[%clk 01:13:44]} {[%emt 00:01:10]}
a6 {[%clk 01:06:19]} {[%emt 00:06:06]} 15. Bf5 {[%clk 01:12:58]} {[%emt
00:01:14]} b5 {[%clk 01:05:04]} {[%emt 00:01:45]} 16. Qb3 {[%clk 01:11:35]}
{[%emt 00:01:46]} c6 {[%clk 01:01:53]} {[%emt 00:03:48]} 17. Rfc1 {[%clk
01:09:46]} {[%emt 00:02:20]} a5 {[%clk 00:56:39]} {[%emt 00:05:45]} 18. a3
{[%clk 01:09:19]} {[%emt 00:00:56]} a4 {[%clk 00:56:55]} {[%emt 00:00:14]} 19.
Qc2 {[%clk 01:09:38]} {[%emt 00:00:11]} Bc8 {[%clk 00:53:42]} {[%emt 00:03:44]}
20. b3 {[%clk 01:08:07]} {[%emt 00:02:00]} axb3 {[%clk 00:53:06]} {[%emt
00:01:06]} 21. Qxb3 {[%clk 01:08:24]} {[%emt 00:00:13]} Nb6 {[%clk 00:52:54]}
{[%emt 00:00:42]} 22. Bxc8 {[%clk 01:08:22]} {[%emt 00:00:32]} Qxc8 {[%clk
00:53:08]} {[%emt 00:00:16]} 23. Ne5 {[%clk 01:07:37]} {[%emt 00:01:15]} Nbd7
{[%clk 00:50:56]} {[%emt 00:02:42]} 24. Nxd7 {[%clk 01:07:48]} {[%emt
00:00:20]} Qxd7 {[%clk 00:51:12]} {[%emt 00:00:13]} 25. a4 {[%clk 01:07:02]}
{[%emt 00:01:15]} bxa4 {[%clk 00:44:21]} {[%emt 00:07:22]} 26. Nxa4 {[%clk
01:06:58]} {[%emt 00:00:34]} Reb8 {[%clk 00:42:26]} {[%emt 00:02:25]} 27. Nb6
{[%clk 01:06:25]} {[%emt 00:01:03]} Rxa1 {[%clk 00:39:24]} {[%emt 00:03:31]}
28. Rxa1 {[%clk 01:06:18]} {[%emt 00:00:37]} Qb7 {[%clk 00:39:43]} {[%emt
00:00:11]} 29. Rb1 {[%clk 01:04:57]} {[%emt 00:01:52]} g5 {[%clk 00:39:54]}
{[%emt 00:00:19]} 30. Bg3 {[%clk 01:05:17]} {[%emt 00:00:10]} Rd8 {[%clk
00:38:47]} {[%emt 00:01:37]} 31. Na4 {[%clk 01:05:03]} {[%emt 00:00:44]} Qxb3
{[%clk 00:37:11]} {[%emt 00:02:06]} 32. Rxb3 {[%clk 01:04:48]} {[%emt
00:00:46]} Bd6 {[%clk 00:35:16]} {[%emt 00:02:24]} 33. Bxd6 {[%clk 01:04:13]}
{[%emt 00:01:04]} Rxd6 {[%clk 00:35:41]} {[%emt 00:00:06]} 34. Rb6 {[%clk
01:04:13]} {[%emt 00:00:30]} Nd7 {[%clk 00:35:19]} {[%emt 00:00:52]} 35. Ra6
{[%clk 01:04:11]} {[%emt 00:00:32]} Kg7 {[%clk 00:35:15]} {[%emt 00:00:34]} 36.
Kh2 {[%clk 01:03:47]} {[%emt 00:00:54]} Kf6 {[%clk 00:35:30]} {[%emt 00:00:15]}
37. g4 {[%clk 01:03:52]} {[%emt 00:00:21]} Ke7 {[%clk 00:33:45]} {[%emt
00:02:19]} 38. Ra7 {[%clk 01:03:38]} {[%emt 00:00:44]} Kf6 {[%clk 00:32:48]}
{[%emt 00:01:27]} 39. Kg3 {[%clk 01:03:51]} {[%emt 00:00:17]} Nf8 {[%clk
00:32:04]} {[%emt 00:01:14]} 40. Nc5 {[%clk 01:03:19]} {[%emt 00:01:01]} Rd8
{[%clk 00:29:56]} {[%emt 00:02:38]} 41. Rc7 {[%clk 01:03:17]} {[%emt 00:00:32]}
Rd6 {[%clk 00:30:02]} {[%emt 00:00:24]} 42. Nb7 {[%clk 01:03:10]} {[%emt
00:00:37]} Ne6 {[%clk 00:25:24]} {[%emt 00:05:08]} 43. Rxf7+ {[%clk 01:03:31]}
{[%emt 00:00:09]} Kxf7 {[%clk 00:25:41]} {[%emt 00:00:13]} 44. Nxd6+ {[%clk
01:03:52]} {[%emt 00:00:08]} Kf6 {[%clk 00:25:26]} {[%emt 00:00:46]} 45. Nf5
{[%clk 01:04:06]} {[%emt 00:00:15]} c5 {[%clk 00:25:00]} {[%emt 00:00:58]} 46.
dxc5 {[%clk 01:04:23]} {[%emt 00:00:12]} Nxc5 {[%clk 00:25:23]} {[%emt
00:00:07]} 47. Nxh6 {[%clk 01:04:45]} {[%emt 00:00:08]} Ne4+ {[%clk 00:25:33]}
{[%emt 00:00:20]} 48. Kg2 {[%clk 01:05:00]} {[%emt 00:00:14]} Nd2 {[%clk
00:25:15]} {[%emt 00:00:49]} 49. Nf5 {[%clk 01:05:09]} {[%emt 00:00:22]} Ke5
{[%clk 00:25:19]} {[%emt 00:00:26]} 50. Ng3 {[%clk 01:04:52]} {[%emt 00:00:46]}
Ke6 {[%clk 00:22:48]} {[%emt 00:03:02]} 51. Nf1 {[%clk 01:05:07]} {[%emt
00:00:14]} Ne4 {[%clk 00:20:57]} {[%emt 00:02:22]} 52. Ng3 {[%clk 01:05:16]}
{[%emt 00:00:21]} Nd2 {[%clk 00:21:17]} {[%emt 00:00:09]} 53. Nf5 {[%clk
01:05:11]} {[%emt 00:00:35]} Ke5 {[%clk 00:21:21]} {[%emt 00:00:26]} 54. h4
{[%clk 01:04:58]} {[%emt 00:00:43]} gxh4 {[%clk 00:21:29]} {[%emt 00:00:22]}
55. Nxh4 {[%clk 01:05:20]} {[%emt 00:00:07]} Ne4 {[%clk 00:21:41]} {[%emt
00:00:19]} 56. Nf3+ {[%clk 01:05:31]} {[%emt 00:00:19]} Kf6 {[%clk 00:21:56]}
{[%emt 00:00:15]} 57. g5+ {[%clk 01:05:39]} {[%emt 00:00:21]} Nxg5 {[%clk
00:21:22]} {[%emt 00:01:05]} 58. Nxg5 {[%clk 01:06:02]} {[%emt 00:00:07]} Kxg5
{[%clk 00:21:41]} {[%emt 00:00:10]} 59. Kg3 {[%clk 01:06:24]} {[%emt 00:00:09]}
Kf5 {[%clk 00:22:03]} {[%emt 00:00:08]} 60. Kf3 {[%clk 01:05:43]} {[%emt
00:01:10]} Ke5 {[%clk 00:22:01]} {[%emt 00:00:33]} 61. Ke2 {[%clk 01:05:08]}
{[%emt 00:01:05]} Ke4 {[%clk 00:20:58]} {[%emt 00:01:33]} 62. f3+ {[%clk
01:05:12]} {[%emt 00:00:26]} Kf5 {[%clk 00:20:01]} {[%emt 00:01:27]} 63. Kd3
{[%clk 01:05:35]} {[%emt 00:00:07]} Ke5 {[%clk 00:19:53]} {[%emt 00:00:37]} 64.
f4+ {[%clk 01:05:54]} {[%emt 00:00:11]} Kf5 {[%clk 00:19:18]} {[%emt 00:01:06]}
65. Kd4 {[%clk 01:06:08]} {[%emt 00:00:16]} Ke6 {[%clk 00:19:36]} {[%emt
00:00:12]} 66. Kc5 {[%clk 01:05:56]} {[%emt 00:00:42]} Kf6 {[%clk 00:17:50]}
{[%emt 00:02:15]} 67. Kxd5 {[%clk 01:06:15]} {[%emt 00:00:12]} Kf5 {[%clk
00:18:16]} {[%emt 00:00:05]} 68. e4 {[%clk 01:06:35]} {[%emt 00:00:10]} Kxf4
{[%clk 00:18:42]} {[%emt 00:00:03]} 69. e5 {[%clk 01:06:50]} {[%emt 00:00:16]}
Kf5 {[%clk 00:19:05]} {[%emt 00:00:07]} 70. Kd6 {[%clk 01:07:08]} {[%emt
00:00:11]} Kg6 {[%clk 00:19:16]} {[%emt 00:00:19]} 71. Kd7 {[%clk 01:07:30]}
{[%emt 00:00:08]} 1-0

[Event "DEM U10w 2022"]
[Site "Willingen GER"]
[Date "2022.06.05"]
[Round "2"]
[White "Fruth, Julia"]
[Black "Subocz, Barbara"]
[Result "1-0"]
[Termination "normal"]
[Board "6"]
[WhiteElo "1037"]
[BlackElo "902"]
[WhiteClock "00:44:58"]
[BlackClock "01:13:08"]
[PlyCount "70"]
[WhiteFideId "34603050"]
[BlackFideId "41805658"]
[EventCountry "GER"]
[EventRounds "11"]
[EventType "swiss"]
[EventDate "2022.06.04"]

1. e4 {[%clk 01:15:56]} {[%emt 00:00:03]} e5 {[%clk 01:15:55]} {[%emt
00:00:06]} 2. Nf3 {[%clk 01:16:21]} {[%emt 00:00:05]} Nc6 {[%clk 01:16:09]}
{[%emt 00:00:16]} 3. Bc4 {[%clk 01:16:12]} {[%emt 00:00:38]} Bc5 {[%clk
01:16:27]} {[%emt 00:00:12]} 4. b4 {[%clk 01:16:32]} {[%emt 00:00:11]} Bd4
{[%clk 01:15:21]} {[%emt 00:01:36]} 5. c3 {[%clk 01:11:07]} {[%emt 00:05:53]}
Bb6 {[%clk 01:15:18]} {[%emt 00:00:27]} 6. Qb3 {[%clk 01:10:09]} {[%emt
00:01:34]} Qe7 {[%clk 01:15:12]} {[%emt 00:00:35]} 7. d3 {[%clk 01:06:14]}
{[%emt 00:04:28]} Nf6 {[%clk 01:14:44]} {[%emt 00:00:57]} 8. a4 {[%clk
01:05:52]} {[%emt 00:00:53]} a5 {[%clk 01:14:00]} {[%emt 00:01:14]} 9. b5
{[%clk 01:05:41]} {[%emt 00:00:40]} Na7 {[%clk 01:12:16]} {[%emt 00:02:10]} 10.
Ba3 {[%clk 01:05:44]} {[%emt 00:00:32]} d6 {[%clk 01:11:55]} {[%emt 00:00:50]}
11. O-O {[%clk 01:05:00]} {[%emt 00:01:15]} O-O {[%clk 01:12:14]} {[%emt
00:00:11]} 12. Nbd2 {[%clk 01:00:56]} {[%emt 00:04:32]} Bg4 {[%clk 01:12:31]}
{[%emt 00:00:15]} 13. Rac1 {[%clk 00:59:00]} {[%emt 00:02:20]} Bxf3 {[%clk
01:12:39]} {[%emt 00:00:27]} 14. Nxf3 {[%clk 00:59:23]} {[%emt 00:00:07]} c5
{[%clk 01:11:54]} {[%emt 00:01:15]} 15. bxc6 {[%clk 00:56:36]} {[%emt
00:03:15]} bxc6 {[%clk 01:11:52]} {[%emt 00:00:36]} 16. Qxb6 {[%clk 00:56:39]}
{[%emt 00:00:26]} Nd7 {[%clk 01:11:57]} {[%emt 00:00:25]} 17. Qe3 {[%clk
00:54:34]} {[%emt 00:02:36]} c5 {[%clk 01:11:44]} {[%emt 00:00:43]} 18. d4
{[%clk 00:53:37]} {[%emt 00:01:26]} exd4 {[%clk 01:11:55]} {[%emt 00:00:18]}
19. cxd4 {[%clk 00:53:55]} {[%emt 00:00:12]} cxd4 {[%clk 01:12:18]} {[%emt
00:00:08]} 20. Qxd4 {[%clk 00:54:16]} {[%emt 00:00:09]} Nc6 {[%clk 01:12:22]}
{[%emt 00:00:27]} 21. Qd5 {[%clk 00:53:31]} {[%emt 00:01:12]} Nde5 {[%clk
01:11:53]} {[%emt 00:01:01]} 22. Nxe5 {[%clk 00:52:13]} {[%emt 00:01:47]} Nxe5
{[%clk 01:11:50]} {[%emt 00:00:33]} 23. Bxd6 {[%clk 00:51:16]} {[%emt
00:01:28]} Qf6 {[%clk 01:11:31]} {[%emt 00:00:50]} 24. Bxf8 {[%clk 00:49:43]}
{[%emt 00:02:02]} Rxf8 {[%clk 01:11:42]} {[%emt 00:00:20]} 25. Qxa5 {[%clk
00:47:49]} {[%emt 00:02:23]} Qd6 {[%clk 01:12:00]} {[%emt 00:00:12]} 26. Rfd1
{[%clk 00:46:17]} {[%emt 00:01:59]} Nxc4 {[%clk 01:11:38]} {[%emt 00:00:56]}
27. Qb5 {[%clk 00:43:35]} {[%emt 00:03:11]} Na3 {[%clk 01:11:28]} {[%emt
00:00:41]} 28. Rxd6 {[%clk 00:43:34]} {[%emt 00:00:31]} Nxb5 {[%clk 01:11:17]}
{[%emt 00:00:41]} 29. axb5 {[%clk 00:43:55]} {[%emt 00:00:08]} Rb8 {[%clk
01:11:29]} {[%emt 00:00:18]} 30. Rdc6 {[%clk 00:44:02]} {[%emt 00:00:23]} Rf8
{[%clk 01:11:22]} {[%emt 00:00:37]} 31. Rc8 {[%clk 00:44:18]} {[%emt 00:00:14]}
h6 {[%clk 01:11:43]} {[%emt 00:00:09]} 32. Rxf8+ {[%clk 00:44:37]} {[%emt
00:00:12]} Kxf8 {[%clk 01:12:11]} {[%emt 00:00:02]} 33. b6 {[%clk 00:44:49]}
{[%emt 00:00:18]} Ke8 {[%clk 01:12:28]} {[%emt 00:00:12]} 34. b7 {[%clk
00:44:55]} {[%emt 00:00:24]} Kf8 {[%clk 01:12:47]} {[%emt 00:00:11]} 35. b8=Q+
{[%clk 00:44:58]} {[%emt 00:00:27]} Ke7 {[%clk 01:13:08]} {[%emt 00:00:10]} 1-0

[Event "DEM U10w 2022"]
[Site "Willingen GER"]
[Date "2022.06.05"]
[Round "2"]
[White "Klymenko, Mariia"]
[Black "Bacakova, Klara"]
[Result "0-1"]
[Termination "normal"]
[Board "7"]
[WhiteElo "871"]
[BlackElo "1169"]
[WhiteClock "00:59:59"]
[BlackClock "00:54:30"]
[PlyCount "78"]
[WhiteFideId "34620621"]
[BlackFideId "34605762"]
[EventCountry "GER"]
[EventRounds "11"]
[EventType "swiss"]
[EventDate "2022.06.04"]

1. e4 {[%clk 01:15:57]} {[%emt 00:00:02]} c5 {[%clk 01:15:52]} {[%emt
00:00:08]} 2. f4 {[%clk 01:16:22]} {[%emt 00:00:06]} e6 {[%clk 01:15:37]}
{[%emt 00:00:45]} 3. c4 {[%clk 01:16:13]} {[%emt 00:00:37]} Nc6 {[%clk
01:14:36]} {[%emt 00:01:33]} 4. Nc3 {[%clk 01:15:57]} {[%emt 00:00:45]} a6
{[%clk 01:14:35]} {[%emt 00:00:31]} 5. a4 {[%clk 01:15:54]} {[%emt 00:00:31]}
d6 {[%clk 01:10:10]} {[%emt 00:04:59]} 6. d3 {[%clk 01:15:19]} {[%emt
00:01:00]} Nf6 {[%clk 01:08:44]} {[%emt 00:01:59]} 7. Be2 {[%clk 01:13:51]}
{[%emt 00:01:58]} Be7 {[%clk 01:07:52]} {[%emt 00:01:22]} 8. Nf3 {[%clk
01:13:32]} {[%emt 00:00:44]} O-O {[%clk 01:07:04]} {[%emt 00:01:24]} 9. O-O
{[%clk 01:13:48]} {[%emt 00:00:13]} Bd7 {[%clk 01:05:40]} {[%emt 00:01:55]} 10.
Be3 {[%clk 01:13:18]} {[%emt 00:00:50]} Ng4 {[%clk 01:01:54]} {[%emt 00:04:23]}
11. h3 {[%clk 01:12:47]} {[%emt 00:01:03]} Nxe3 {[%clk 01:01:52]} {[%emt
00:00:33]} 12. Qd2 {[%clk 01:11:41]} {[%emt 00:01:32]} Nxf1 {[%clk 01:02:08]}
{[%emt 00:00:17]} 13. Kxf1 {[%clk 01:11:19]} {[%emt 00:00:53]} Bf6 {[%clk
01:01:34]} {[%emt 00:01:04]} 14. g3 {[%clk 01:08:09]} {[%emt 00:03:39]} Nd4
{[%clk 01:00:20]} {[%emt 00:01:45]} 15. Kf2 {[%clk 01:05:19]} {[%emt 00:03:14]}
Nxe2 {[%clk 01:00:09]} {[%emt 00:00:47]} 16. Nxe2 {[%clk 01:04:35]} {[%emt
00:01:13]} Qb6 {[%clk 00:57:24]} {[%emt 00:03:15]} 17. Ra2 {[%clk 01:03:05]}
{[%emt 00:01:58]} Qc6 {[%clk 00:54:30]} {[%emt 00:03:27]} 18. b3 {[%clk
01:02:04]} {[%emt 00:01:28]} d5 {[%clk 00:54:12]} {[%emt 00:00:50]} 19. exd5
{[%clk 01:01:30]} {[%emt 00:01:03]} exd5 {[%clk 00:54:01]} {[%emt 00:00:42]}
20. cxd5 {[%clk 01:01:25]} {[%emt 00:00:34]} Qxd5 {[%clk 00:54:01]} {[%emt
00:00:32]} 21. h4 {[%clk 00:59:35]} {[%emt 00:02:17]} Bg4 {[%clk 00:53:48]}
{[%emt 00:00:45]} 22. Nc3 {[%clk 00:59:24]} {[%emt 00:00:39]} Qxf3+ {[%clk
00:53:02]} {[%emt 00:01:19]} 23. Kg1 {[%clk 00:59:23]} {[%emt 00:00:28]} Qxg3+
{[%clk 00:53:05]} {[%emt 00:00:29]} 24. Kf1 {[%clk 00:59:19]} {[%emt 00:00:28]}
Bh3+ {[%clk 00:52:32]} {[%emt 00:01:10]} 25. Ke2 {[%clk 00:59:28]} {[%emt
00:00:19]} Bxc3 {[%clk 00:52:24]} {[%emt 00:00:40]} 26. Qxc3 {[%clk 00:59:13]}
{[%emt 00:00:43]} Qg2+ {[%clk 00:52:21]} {[%emt 00:00:35]} 27. Ke3 {[%clk
00:58:51]} {[%emt 00:00:45]} Rfe8+ {[%clk 00:52:29]} {[%emt 00:00:28]} 28. Qe5
{[%clk 00:58:46]} {[%emt 00:00:34]} Rxe5+ {[%clk 00:52:43]} {[%emt 00:00:17]}
29. fxe5 {[%clk 00:58:54]} {[%emt 00:00:20]} Qxa2 {[%clk 00:52:51]} {[%emt
00:00:24]} 30. Kf3 {[%clk 00:58:41]} {[%emt 00:00:42]} Qg2+ {[%clk 00:52:51]}
{[%emt 00:00:32]} 31. Ke3 {[%clk 00:58:48]} {[%emt 00:00:19]} Re8 {[%clk
00:52:49]} {[%emt 00:00:36]} 32. d4 {[%clk 00:58:48]} {[%emt 00:00:28]} cxd4+
{[%clk 00:53:11]} {[%emt 00:00:10]} 33. Kxd4 {[%clk 00:59:04]} {[%emt
00:00:14]} Rd8+ {[%clk 00:53:19]} {[%emt 00:00:22]} 34. Kc5 {[%clk 00:59:15]}
{[%emt 00:00:18]} Qd5+ {[%clk 00:53:30]} {[%emt 00:00:20]} 35. Kb4 {[%clk
00:59:24]} {[%emt 00:00:18]} a5+ {[%clk 00:53:29]} {[%emt 00:00:33]} 36. Ka3
{[%clk 00:59:37]} {[%emt 00:00:17]} Qc5+ {[%clk 00:53:41]} {[%emt 00:00:19]}
37. Kb2 {[%clk 00:59:47]} {[%emt 00:00:18]} Rd2+ {[%clk 00:53:58]} {[%emt
00:00:14]} 38. Kb1 {[%clk 00:59:57]} {[%emt 00:00:17]} Bf5+ {[%clk 00:54:12]}
{[%emt 00:00:20]} 39. Ka1 {[%clk 00:59:59]} {[%emt 00:00:26]} Qc1# {[%clk
00:54:30]} {[%emt 00:00:14]} 0-1

[Event "DEM U10w 2022"]
[Site "Willingen GER"]
[Date "2022.06.05"]
[Round "2"]
[White "Frydel, Helena"]
[Black "Nguyen, Minh Anh"]
[Result "1-0"]
[Termination "normal"]
[Board "9"]
[WhiteElo "1141"]
[BlackElo "774"]
[WhiteClock "00:55:55"]
[BlackClock "01:12:07"]
[PlyCount "43"]
[WhiteFideId "16266536"]
[EventCountry "GER"]
[EventRounds "11"]
[EventType "swiss"]
[EventDate "2022.06.04"]

1. e4 {[%clk 01:15:58]} {[%emt 00:00:02]} d6 {[%clk 01:15:45]} {[%emt
00:00:16]} 2. d4 {[%clk 01:16:19]} {[%emt 00:00:09]} Nf6 {[%clk 01:16:00]}
{[%emt 00:00:14]} 3. Nc3 {[%clk 01:15:18]} {[%emt 00:01:31]} g6 {[%clk
01:16:05]} {[%emt 00:00:26]} 4. Nf3 {[%clk 01:15:32]} {[%emt 00:00:16]} Bg7
{[%clk 01:16:20]} {[%emt 00:00:15]} 5. Be2 {[%clk 01:13:36]} {[%emt 00:02:25]}
O-O {[%clk 01:16:27]} {[%emt 00:00:23]} 6. O-O {[%clk 01:13:00]} {[%emt
00:01:06]} Nbd7 {[%clk 01:16:26]} {[%emt 00:00:32]} 7. Bg5 {[%clk 01:10:50]}
{[%emt 00:02:39]} c5 {[%clk 01:16:04]} {[%emt 00:00:52]} 8. Qd2 {[%clk
01:10:51]} {[%emt 00:00:27]} Re8 {[%clk 01:16:08]} {[%emt 00:00:29]} 9. Bh6
{[%clk 01:10:32]} {[%emt 00:00:49]} Bh8 {[%clk 01:16:31]} {[%emt 00:00:08]} 10.
Rfe1 {[%clk 01:08:08]} {[%emt 00:02:52]} b6 {[%clk 01:16:38]} {[%emt 00:00:24]}
11. e5 {[%clk 01:06:58]} {[%emt 00:01:40]} dxe5 {[%emt 00:00:20]} 12. dxe5
{[%clk 01:04:31]} {[%emt 00:02:54]} Nh5 {[%clk 01:16:52]} {[%emt 00:00:29]} 13.
Rad1 {[%clk 01:03:02]} {[%emt 00:01:57]} Qc7 {[%clk 01:16:22]} {[%emt
00:01:01]} 14. Bb5 {[%clk 01:02:03]} {[%emt 00:01:26]} Rd8 {[%clk 01:16:20]}
{[%emt 00:00:36]} 15. Qd5 {[%clk 00:57:28]} {[%emt 00:04:50]} e6 {[%clk
01:16:33]} {[%emt 00:00:31]} 16. Qxa8 {[%clk 00:56:40]} {[%emt 00:01:17]} Bb7
{[%clk 01:15:17]} {[%emt 00:01:48]} 17. Qxa7 {[%clk 00:56:44]} {[%emt
00:00:26]} Ra8 {[%clk 01:15:17]} {[%emt 00:00:31]} 18. Rxd7 {[%clk 00:55:40]}
{[%emt 00:01:30]} Qxd7 {[%clk 01:14:58]} {[%emt 00:00:51]} 19. Qxa8+ {[%clk
00:55:50]} {[%emt 00:00:21]} Bxa8 {[%clk 01:12:33]} {[%emt 00:02:54]} 20. Bxd7
{[%clk 00:56:06]} {[%emt 00:00:14]} Bg7 {[%clk 01:11:55]} {[%emt 00:01:08]} 21.
Bxg7 {[%emt 00:00:33]} Nxg7 {[%clk 01:12:07]} {[%emt 00:00:02]} 22. Rd1 {[%clk
00:55:55]} {[%emt 00:00:52]} 1-0

[Event "DEM U10w 2022"]
[Site "Willingen GER"]
[Date "2022.06.05"]
[Round "2"]
[White "Dominick, Johanna"]
[Black "Malagatte, Samiksha"]
[Result "1-0"]
[Termination "normal"]
[Board "11"]
[WhiteElo "1431"]
[BlackElo "1056"]
[WhiteClock "00:36:12"]
[BlackClock "00:56:17"]
[PlyCount "49"]
[WhiteFideId "16296532"]
[BlackFideId "34633790"]
[EventCountry "GER"]
[EventRounds "11"]
[EventType "swiss"]
[EventDate "2022.06.04"]

1. d4 {[%clk 01:15:57]} {[%emt 00:00:02]} d5 {[%clk 01:15:57]} {[%emt
00:00:05]} 2. Nf3 {[%clk 01:16:22]} {[%emt 00:00:05]} Nf6 {[%clk 01:15:41]}
{[%emt 00:00:46]} 3. e3 {[%clk 01:16:45]} {[%emt 00:00:07]} e6 {[%clk
01:15:54]} {[%emt 00:00:17]} 4. Bd3 {[%clk 01:16:56]} {[%emt 00:00:19]} c5
{[%clk 01:16:02]} {[%emt 00:00:22]} 5. c3 {[%clk 01:16:18]} {[%emt 00:01:08]}
Bd6 {[%clk 01:15:38]} {[%emt 00:00:53]} 6. Nbd2 {[%clk 01:16:28]} {[%emt
00:00:18]} Nc6 {[%clk 01:15:37]} {[%emt 00:00:33]} 7. e4 {[%clk 01:16:40]}
{[%emt 00:00:19]} dxe4 {[%clk 01:14:56]} {[%emt 00:01:10]} 8. Nxe4 {[%clk
01:16:55]} {[%emt 00:00:15]} Nxe4 {[%clk 01:13:34]} {[%emt 00:01:53]} 9. Bxe4
{[%clk 01:17:15]} {[%emt 00:00:08]} O-O {[%clk 01:13:32]} {[%emt 00:00:33]} 10.
O-O {[%clk 01:16:35]} {[%emt 00:01:11]} e5 {[%clk 01:13:11]} {[%emt 00:00:50]}
11. d5 {[%clk 01:15:02]} {[%emt 00:02:00]} Ne7 {[%clk 01:12:11]} {[%emt
00:01:33]} 12. Qc2 {[%clk 01:13:31]} {[%emt 00:01:58]} f5 {[%clk 01:11:46]}
{[%emt 00:00:58]} 13. Bd3 {[%clk 01:13:32]} {[%emt 00:00:27]} Nxd5 {[%clk
01:11:56]} {[%emt 00:00:22]} 14. Bc4 {[%clk 01:04:50]} {[%emt 00:09:11]} Be6
{[%clk 01:11:24]} {[%emt 00:01:03]} 15. Rd1 {[%clk 01:04:12]} {[%emt 00:01:09]}
Nc7 {[%clk 01:10:19]} {[%emt 00:01:34]} 16. Bxe6+ {[%clk 01:04:14]} {[%emt
00:00:28]} Nxe6 {[%clk 01:10:29]} {[%emt 00:00:20]} 17. Nxe5 {[%clk 01:03:07]}
{[%emt 00:01:37]} Qc7 {[%clk 01:08:02]} {[%emt 00:02:49]} 18. Nf3 {[%clk
01:02:44]} {[%emt 00:00:54]} Rad8 {[%clk 01:06:49]} {[%emt 00:01:51]} 19. g3
{[%clk 00:50:37]} {[%emt 00:12:34]} b5 {[%clk 01:05:01]} {[%emt 00:02:21]} 20.
Ng5 {[%clk 00:47:53]} {[%emt 00:03:03]} Nxg5 {[%emt 00:02:21]} 21. Bxg5 {[%emt
00:00:07]} Rd7 {[%emt 00:04:02]} 22. Rd5 {[%clk 00:44:46]} {[%emt 00:00:08]} f4
{[%clk 01:00:29]} {[%emt 00:02:42]} 23. Qb3 {[%clk 00:38:49]} {[%emt 00:06:19]}
Kh8 {[%clk 00:58:03]} {[%emt 00:03:02]} 24. Qxb5 {[%clk 00:36:12]} {[%emt
00:03:08]} Qc6 {[%clk 00:56:17]} {[%emt 00:02:09]} 25. Qxc6 {[%emt 00:02:05]}
1-0